[Event "Brandenburg-ch Seniors 17th"]
[Site "Rowy"]
[Date "2008.07.02"]
[Round "9"]
[White "Fiedler, Wolfgang2222"]
[Black "Huth, Heinz"]
[Result "0-1"]
[WhiteElo "1828"]
[BlackElo "1773"]
[PlyCount "77"]
[EventDate "2008.06.23"]
[EventType "swiss"]
[EventRounds "9"]
[EventCountry "POL"]
[SourceTitle "EXT 2022"]
[Source "ChessBase"]
[SourceDate "2021.10.06"]
[SourceVersion "1"]
[SourceVersionDate "2021.10.06"]
[SourceQuality "1"]

1. d4 Nf6 2. c4 g6 3. Nc3 d5 4. cxd5 Nxd5 5. e4 Nxc3 6. bxc3 Bg7 7. Nf3 c5 8. Rb1 0-0 9. Be2 Nc6 10. d5 Ne5 11. Bd2 Qc7 12. c4 f5 13. exf5 Bxf5 14. Rb3 Rad8 15. Qc1 e6 16. dxe6 Bxe6 17. Ng5 Bc8 18. f4 Nc6 19. 0-0 b6 20. Bf3 Nd4 21. Re3 Kh8 22. Bd1 Rfe8 23. Rxe8+ Rxe8 24. Bc3 Qb7 25. Qb2 Kg8 26. Kh1 Qe7 27. Nf3 Qd6 28. Ne5 Qd8 29. Ba4 Re6 30. Nf3 Re2 31. Qa1 Qe7 32. Nxd4 cxd4 33. Bxd4 Qe4 34. Bc6 Qxd4 35. Qxd4 Bxd4 36. Rd1 Bf5 37. g4 Be4+ 38. Bxe4 Rxe4 39. Rf1 0-1

[Event "Brandenburg Seniors op 15th"]
[Site "Rowy"]
[Date "2006.06.26"]
[Round "7"]
[White "Huth, Heinz"]
[Black "Casny, Guenter"]
[Result "1-0"]
[WhiteElo "1714"]
[BlackElo "1734"]
[PlyCount "98"]
[EventDate "2006.06.19"]
[EventType "swiss"]
[EventRounds "9"]
[EventCountry "POL"]
[SourceTitle "EXT 2007"]
[Source "ChessBase"]
[SourceDate "2006.11.23"]
[SourceVersion "1"]
[SourceVersionDate "2006.11.23"]
[SourceQuality "1"]

1. d4 Nf6 2. c4 d6 3. Nc3 g6 4. e4 Bg7 5. Be2 0-0 6. Nf3 c5 7. 0-0 cxd4 8. Nxd4 Nc6 9. Be3 Bd7 10. Rc1 Nxd4 11. Bxd4 Bc6 12. f3 Qa5 13. a3 Rfe8 14. Nd5 Nh5 15. Bxg7 Kxg7 16. b4 Qd8 17. f4 e5 18. fxe5 dxe5 19. Qc2 Bxd5 20. cxd5 Nf4 21. Kh1 Qd7 22. g3 Nxe2 23. Qxe2 Rac8 24. Qe3 b6 25. Qe2 f5 26. Rxc8 Rxc8 27. Rd1 Qa4 28. d6 Qc6 29. Kg1 Qxe4 30. Qxe4 fxe4 31. Kf2 Kf7 32. d7 Rd8 33. Ke3 Ke6 34. Kxe4 Rxd7 35. Rxd7 Kxd7 36. Kxe5 Ke7 37. b5 h6 38. h3 g5 39. Kf5 Kf7 40. h4 gxh4 41. gxh4 Kg7 42. h5 Kf7 43. a4 Kg7 44. Ke6 Kf8 45. Kf6 Ke8 46. Kg6 Ke7 47. Kxh6 Kf6 48. Kh7 Kf7 49. h6 Kf8 1-0

[Event "Brandenburg Seniors op 15th"]
[Site "Rowy"]
[Date "2006.06.24"]
[Round "5"]
[White "Huth, Heinz"]
[Black "Schult, Otto"]
[Result "0-1"]
[WhiteElo "1714"]
[BlackElo "1591"]
[PlyCount "112"]
[EventDate "2006.06.19"]
[EventType "swiss"]
[EventRounds "9"]
[EventCountry "POL"]
[SourceTitle "EXT 2007"]
[Source "ChessBase"]
[SourceDate "2006.11.23"]
[SourceVersion "1"]
[SourceVersionDate "2006.11.23"]
[SourceQuality "1"]

1. d4 e6 2. c4 b6 3. Nc3 Bb7 4. e4 Bb4 5. Bd3 f5 6. d5 Bxc3+ 7. bxc3 fxe4 8. Bxe4 Nf6 9. Bf3 Qe7 10. d6 Bxf3 11. Qxf3 Qxd6 12. Qxa8 Qe5+ 13. Ne2 0-0 14. Qf3 Qc5 15. Qe3 Qxc4 16. Qd4 Qc6 17. f3 d6 18. 0-0 e5 19. Qd3 Nbd7 20. Be3 a5 21. Rab1 d5 22. Qb5 Qd6 23. Qb3 c5 24. Rfd1 Rc8 25. Ng3 Kf8 26. Ne4 Nxe4 27. fxe4 d4 28. Rf1+ Nf6 29. Bg5 Rc6 30. c4 d3 31. Qc3 Ke8 32. Bxf6 gxf6 33. Rfd1 Qd4+ 34. Qxd4 cxd4 35. Rxd3 Kd7 36. Kf2 Rxc4 37. Rxb6 Rc2+ 38. Kf3 a4 39. Ra3 Rc1 40. Rb2 Kc6 41. Ke2 f5 42. Kd2 Rf1 43. Rf3 Rg1 44. Kd3 fxe4+ 45. Kxe4 Re1+ 46. Kf5 e4 47. Rh3 d3 48. Kf4 Kd5 49. Re3 Rf1+ 50. Kg4 Kd4 51. Rh3 e3 52. Rb4+ Kc3 53. Rxe3 Kxb4 54. Rxd3 Rf2 55. a3+ Kc4 56. Kh3 Kxd3 0-1

[Event "Rowy Jantar op"]
[Site "Rowy"]
[Date "2005.06.26"]
[Round "6"]
[White "Schult, Otto"]
[Black "Huth, Heinz"]
[Result "0-1"]
[WhiteElo "1580"]
[BlackElo "1754"]
[PlyCount "100"]
[EventDate "2005.06.20"]
[EventType "swiss"]
[EventRounds "9"]
[EventCountry "POL"]
[SourceTitle "EXT 2007"]
[Source "ChessBase"]
[SourceDate "2006.11.23"]
[SourceVersion "1"]
[SourceVersionDate "2006.11.23"]
[SourceQuality "1"]

1. d4 Nf6 2. c4 g6 3. Nc3 d5 4. Nf3 Bg7 5. e3 0-0 6. Bd3 dxc4 7. Bxc4 Nbd7 8. 0-0 Nb6 9. Bb3 c6 10. h3 Bf5 11. Re1 Nbd5 12. Bc2 Nxc3 13. bxc3 Ne4 14. Bxe4 Bxe4 15. Nd2 Bf5 16. e4 Bc8 17. Bb2 Qc7 18. Nb3 Rd8 19. Qf3 b6 20. Rab1 Bb7 21. Qe3 e6 22. f4 Bh6 23. e5 Ba6 24. a4 c5 25. dxc5 Rd3 26. Qf2 Bf8 27. cxb6 axb6 28. Kh2 Qc4 29. Nc1 Rd7 30. Ne2 Rd2 31. Qf3 Rb8 32. Nd4 Bb7 33. Qg3 Rxg2+ 34. Qxg2 Bxg2 35. Kxg2 Qd3 36. Rbd1 Qc4 37. Ra1 Bc5 38. Kf3 Qd5+ 39. Kg3 Bxd4 40. Red1 Qb3 41. Rxd4 Qxb2 42. Rad1 Qxc3+ 43. R4d3 Qa5 44. Rd4 Rc8 45. Kg4 Kg7 46. h4 h5+ 47. Kg3 Rc3+ 48. Kg2 Qc5 49. Kh2 Qa3 50. Kg2 Rg3+ 0-1

[Event "Brandenburg Seniors op 13th"]
[Site "Rowy"]
[Date "2004.06.27"]
[Round "6"]
[White "Micheel, Peter"]
[Black "Huth, Heinz"]
[Result "1/2-1/2"]
[WhiteElo "1814"]
[BlackElo "1748"]
[PlyCount "68"]
[EventDate "2004.06.21"]
[EventType "swiss"]
[EventRounds "9"]
[EventCountry "POL"]
[SourceTitle "EXT 2006"]
[Source "ChessBase"]
[SourceDate "2005.11.24"]
[SourceVersion "1"]
[SourceVersionDate "2005.11.24"]
[SourceQuality "1"]

1. e4 c5 2. c3 Nf6 3. e5 Nd5 4. Bc4 Nb6 5. Bb3 d6 6. Nf3 e6 7. 0-0 N8d7 8. d4 Be7 9. Nbd2 cxd4 10. cxd4 dxe5 11. dxe5 Nc5 12. Bc2 Bd7 13. Qe2 Bc6 14. Ne4 Qc7 15. Bf4 Nxe4 16. Bxe4 Bxe4 17. Qxe4 Rc8 18. Rac1 Qb8 19. Rxc8+ Qxc8 20. Rc1 Qd7 21. h4 h6 22. Qc2 Bd8 23. Qc5 Nd5 24. Bd2 b6 25. Qd4 Be7 26. Qg4 Kf8 27. Qc4 g6 28. Qg4 Kg7 29. h5 g5 30. Qc4 a5 31. g4 Qb7 32. Qc6 Qxc6 33. Rxc6 Rd8 34. Kf1 Rd7 1/2-1/2

[Event "Brandenburg Seniors op 13th"]
[Site "Rowy"]
[Date "2004.06.26"]
[Round "5"]
[White "Huth, Heinz"]
[Black "Buchholz, Karl Heinz"]
[Result "1-0"]
[WhiteElo "1748"]
[BlackElo "1837"]
[PlyCount "101"]
[EventDate "2004.06.21"]
[EventType "swiss"]
[EventRounds "9"]
[EventCountry "POL"]
[SourceTitle "EXT 2006"]
[Source "ChessBase"]
[SourceDate "2005.11.24"]
[SourceVersion "1"]
[SourceVersionDate "2005.11.24"]
[SourceQuality "1"]

1. d4 Nf6 2. c4 e6 3. Nc3 Bb4 4. Qc2 0-0 5. a3 Bxc3+ 6. Qxc3 b6 7. g3 Bb7 8. Nf3 c5 9. dxc5 Ne4 10. Qc2 Nxc5 11. Bg2 Be4 12. Qd1 d6 13. b4 Nca6 14. Bb2 Qe7 15. 0-0 Rd8 16. Qd4 f5 17. Rac1 Nd7 18. Rfd1 Nf6 19. Ne1 Bxg2 20. Nxg2 Rac8 21. Qd3 d5 22. cxd5 Rxc1 23. Rxc1 Qb7 24. Nf4 exd5 25. Qxf5 Qd7 26. Qc2 Ne8 27. Rd1 Nac7 28. e4 Qf7 29. e5 g5 30. Nd3 Ne6 31. Rc1 Rd7 32. Qd2 N8c7 33. Rf1 Qf3 34. Ne1 Qh5 35. f3 d4 36. Qd3 Qf7 37. Rf2 Ne8 38. Ng2 N8g7 39. f4 gxf4 40. Nxf4 Nxf4 41. Rxf4 Qa2 42. Rxd4 Rxd4 43. Qxd4 Ne6 44. Qc3 Qb1+ 45. Qc1 Qxc1+ 46. Bxc1 a6 47. Be3 b5 48. Kf2 Kf7 49. Kf3 Ng7 50. Ke4 Ke6 51. g4 1-0

[Event "Brandenburg Seniors op 12th"]
[Site "Rowy"]
[Date "2003.06.23"]
[Round "7"]
[White "Huth, Heinz"]
[Black "Groeling, Juergen"]
[Result "1/2-1/2"]
[WhiteElo "1725"]
[BlackElo "1925"]
[PlyCount "61"]
[EventDate "2003.06.??"]
[EventType "swiss"]
[EventRounds "9"]
[EventCountry "POL"]
[SourceTitle "EXT 2006"]
[Source "ChessBase"]
[SourceDate "2005.11.24"]
[SourceVersion "1"]
[SourceVersionDate "2005.11.24"]
[SourceQuality "1"]

1. d4 Nf6 2. c4 g6 3. Nc3 d5 4. cxd5 Nxd5 5. e4 Nxc3 6. bxc3 Bg7 7. Bc4 c5 8. Ne2 0-0 9. 0-0 Nd7 10. Be3 Nb6 11. Bb3 c4 12. Bc2 e6 13. Qd2 Bd7 14. Bh6 Bc6 15. Bxg7 Kxg7 16. Ng3 f5 17. f3 Rf7 18. Ne2 Qh4 19. g3 Qf6 20. Rad1 g5 21. d5 exd5 22. exf5 Re8 23. Nd4 Bd7 24. Rde1 Rfe7 25. Rxe7+ Qxe7 26. Kf2 h6 27. Re1 Qxe1+ 28. Qxe1 Rxe1 29. Kxe1 Kf6 30. g4 Nc8 31. Kd2 1/2-1/2

[Event "Brandenburg Seniors op 12th"]
[Site "Rowy"]
[Date "2003.06.21"]
[Round "5"]
[White "Huth, Heinz"]
[Black "Bubka, Stanislaw"]
[Result "1/2-1/2"]
[WhiteElo "1725"]
[BlackElo "1600"]
[PlyCount "84"]
[EventDate "2003.06.??"]
[EventType "swiss"]
[EventRounds "9"]
[EventCountry "POL"]
[SourceTitle "EXT 2006"]
[Source "ChessBase"]
[SourceDate "2005.11.24"]
[SourceVersion "1"]
[SourceVersionDate "2005.11.24"]
[SourceQuality "1"]

1. d4 d5 2. c4 Bf5 3. Nc3 e6 4. e3 Nf6 5. Bd3 Bxd3 6. Qxd3 c5 7. cxd5 Nxd5 8. dxc5 Qa5 9. Bd2 Qxc5 10. Rc1 Nxc3 11. Rxc3 Qd5 12. Qxd5 exd5 13. Rc8+ Kd7 14. Rc2 Nc6 15. Bc3 Bb4 16. Ne2 Rhd8 17. 0-0 Bxc3 18. Rxc3 Ke7 19. Rd1 Rd7 20. a3 Rad8 21. Nd4 Nxd4 22. Rxd4 Rd6 23. Kf1 Rc6 24. Rcd3 Rc1+ 25. Ke2 Rc2+ 26. Rd2 Rxd2+ 27. Kxd2 Rd7 28. Ra4 b6 29. Kd3 Ke6 30. Kd2 f5 31. Rb4 Rc7 32. f4 Rc4 33. Rb3 d4 34. Kd3 Kd5 35. exd4 Rxd4+ 36. Ke3 Re4+ 37. Kf3 Re7 38. Rb5+ Ke6 39. h3 g6 40. a4 Rd7 41. Re5+ Kf6 42. Re3 h5 1/2-1/2

[Event "Berlin op 7th"]
[Site "Berlin"]
[Date "2002.06.23"]
[Round "4"]
[White "Huth, Heinz"]
[Black "Hennings, Dirk"]
[Result "1/2-1/2"]
[WhiteElo "1721"]
[BlackElo "1577"]
[PlyCount "76"]
[EventDate "2002.06.21"]
[EventType "swiss"]
[EventRounds "5"]
[EventCountry "GER"]
[SourceTitle "EXT 2006"]
[Source "ChessBase"]
[SourceDate "2005.11.24"]
[SourceVersion "1"]
[SourceVersionDate "2005.11.24"]
[SourceQuality "1"]

1. d4 d5 2. c4 e6 3. Nc3 Nf6 4. Bg5 Nbd7 5. e3 c6 6. Nf3 Qa5 7. Qc2 Ne4 8. c5 b6 9. cxb6 axb6 10. Bd3 Bb4 11. 0-0 Nxg5 12. Nxg5 h6 13. Nf3 Bb7 14. e4 Rc8 15. a3 Bxc3 16. Qxc3 c5 17. Qxa5 bxa5 18. Bb5 dxe4 19. Ne5 Rd8 20. Nxd7 Rxd7 21. Bxd7+ Kxd7 22. dxc5 Kc6 23. Rac1 Ba6 24. Rfd1 Bd3 25. f3 f5 26. Kf2 Rb8 27. Rd2 Rb3 28. Rc3 Rxc3 29. bxc3 Kxc5 30. Rb2 Kc4 31. a4 Kxc3 32. Rb5 Kd2 33. Re5 Bc2 34. fxe4 fxe4 35. Rxe6 Bxa4 36. Rxe4 Bc2 37. Re7 a4 38. Rxg7 Kc3 1/2-1/2

[Event "Berlin op 7th"]
[Site "Berlin"]
[Date "2002.06.22"]
[Round "2"]
[White "Nabel, Matthias"]
[Black "Huth, Heinz"]
[Result "1/2-1/2"]
[WhiteElo "1927"]
[BlackElo "1721"]
[PlyCount "107"]
[EventDate "2002.06.21"]
[EventType "swiss"]
[EventRounds "5"]
[EventCountry "GER"]
[SourceTitle "EXT 2006"]
[Source "ChessBase"]
[SourceDate "2005.11.24"]
[SourceVersion "1"]
[SourceVersionDate "2005.11.24"]
[SourceQuality "1"]

1. d4 Nf6 2. Nf3 g6 3. g3 d6 4. Bg2 Bg7 5. 0-0 0-0 6. c4 c5 7. Nc3 Na6 8. a3 Bd7 9. dxc5 Nxc5 10. Nd4 Qc8 11. Bg5 Bh3 12. Bxf6 Bxf6 13. Nd5 Bxg2 14. Nxf6+ exf6 15. Kxg2 Ne6 16. Nxe6 Qxe6 17. Qd3 Rfe8 18. e3 Qe4+ 19. Qxe4 Rxe4 20. b3 Re6 21. Rfd1 Kf8 22. Rd5 Rc8 23. Rad1 Ke7 24. Kf3 f5 25. R1d4 Rc6 26. Ra5 a6 27. Rad5 f6 28. b4 Re5 29. Rh4 h5 30. Rdd4 Ke6 31. Ke2 Rc7 32. f3 Rh7 33. Rd2 Rc7 34. Rhd4 Rc6 35. R2d3 g5 36. h4 g4 37. f4 Re4 38. Rxe4+ fxe4 39. Rd4 f5 40. Kd2 b5 41. Kc3 Rc8 42. Kb3 Rc6 43. a4 bxc4+ 44. Rxc4 Rb6 45. a5 Rb5 46. Rd4 Rb7 47. Rd1 Rc7 48. b5 Rc5 49. bxa6 Rxa5 50. Rc1 Rxa6 51. Rc8 Kf6 52. Rh8 Kg6 53. Rg8+ Kh6 54. Rh8+ 1/2-1/2